01865cam a22003857a 4500001000500000005001700005020001800022040011200040050002500152082001500177100001700192245002700209250003100236260003400267300003900301490002000340500004500360505000800405520051500413521002100928521002000949650003100969650004401000650002801044650003401072650004601106650001901152650004201171650003601213650005401249650005201303650003901355655003901394655004601433118520231123160004.0 a9780439793827 aDVAbengcDVAdBAKERdLEOdBTCTAdJAOdUPZdOCLCQdOCLdEHHdCQUdOCLCQdDADdCGBdOCLCOdOCLCFdOCLCOdDLC00aPZ7.M59433bRas 200704a813.002221 aMiles, Ellen10aRascal /cEllen Miles. aFirst printing, April 2006 aNew York :bScholastic,c2006 a74 pages :c20 cmbillustrations ;1 aThe puppy place a"Where every puppy finds a home"--Cover. aO  aLizzie and Charles Peterson love dogs, especially puppies. So it is perfect that the Petersons are a foster family for young dogs. They will adopt a pet of their own one day, but now they are happy to help puppies find just the right home. The Petersons' newest foster puppy is Rascal. He is a Jack Russell terrier, and his name fits him well. He may be small, but he can cause big trouble. Lizzie and Charles are in for a challenge. Will they be able to find someone who will care for this pesky little puppy?0 a600 bLexile 2 aX bRaz-Plus  0aPuppiesvJuvenile fiction. 0aJack Russell terriervJuvenile fiction. 0aDogsvJuvenile fiction. 0aDog rescuevJuvenile fiction. 0aFoster care of animalsvJuvenile fiction. 1aDogsvFiction. 7aDog rescue.2fast0(OCoLC)fst00896204 7aDogs.2fast0(OCoLC)fst00896265 7aFoster care of animals.2fast0(OCoLC)fst00933177 7aJack Russell terrier.2fast0(OCoLC)fst00980978 7aPuppies.2fast0(OCoLC)fst01084244 7aFiction.2fast0(OCoLC)fst01423787 7aJuvenile works.2fast0(OCoLC)fst01411637